All Slime Rancher Slimes - Statistics

General Stats
  • This quiz has been taken 139 times
  • The average score is 18 of 26
Answer Stats
Agitation Favorite Food Answer % Correct
Docile None Pink
93%
Harmful Oca Oca Rad
93%
Harmful Heart Beet Rock
91%
Special Gilded Ginger Gold
88%
Harmful Briar Hen Boom
87%
Harmful Odd Onion Crystal
87%
Docile Roostro Hunter
86%
Docile Stony Hen Tabby
86%
Docile Mint Mango Honey
84%
Docile Cuberry Phosphor
82%
Docile Phase Lemon Quantum
80%
Docile None Puddle
79%
Special None Lucky
74%
Docile Prickle Pear Dervish
73%
Harmful None Fire
73%
Harmful Silver Parsnip Mosaic
73%
Hostile None Tarr
71%
Docile Painted Hen Tangle
69%
Special None Quicksilver
65%
Docile None Saber
61%
Special None Gordo
55%
Special None Glitch
52%
Special None Largo
51%
Hostile None Feral
41%
Special None Twinkle
32%
Special None Party Gordo
18%
No matching quizzes found
Score Distribution
Percent of People with Each Score
Percentile by Number Answered
Your Score History
You have not taken this quiz